| 000 | 00383nam a22001577a 4500 | ||
|---|---|---|---|
| 003 | SGT | ||
| 020 | _a978-81-8423-396-9 | ||
| 082 |
_a615.19 _bBEA |
||
| 100 | _aBEALE, JOHN M. | ||
| 245 | _aORGANIC MEDICINAL AND PHARMACEUTICAL CHEMISTRY | ||
| 250 | _a12TH | ||
| 260 |
_aINDIA _bWOLTER KULWER _c2011 |
||
| 300 | _a1010 | ||
| 650 | _aPHARMACEUTICAL CHEMISTRY | ||
| 942 |
_2ddc _cBK |
||
| 999 |
_c33098 _d33098 |
||